000 00887nam a22002777a 4500
001 3540
003 FISKH
005 20240322132948.0
008 240318b cb ||||| |||| 00| 0 eng d
020 _a9780531186794
040 _aFISKH
_beng
_cFISKH
_dFISKH
050 _aDT92.G73
082 _a93202
100 _aGreen, Robert
_eauthor
245 _aCleopatra /
_cby Robert Green
260 _aNew York :
_bScholastic ,
_c1996
300 _a63 pages :
_bcolor illustrations ;
_c22 cm .
490 _a Ancient Biographies, First Book
505 _aZ
520 _aPresents the life of the Egyptian queen whose dream of controlling most of the known world was never fulfilled even though she was allied to a powerful Roman.
521 8 _a1060
_bLexile
521 8 _aZ
_bRaz-Plus
650 _ahistory
_vNon-fiction
942 _2ddc
_cBK
_n0
999 _c3540
_d3540